00909nam a2200217 a 4500001001000000003000500010005001700015008004100032010001100073011001100084040000900095100003600104245021700140260003200357500006000389502010100449650003600550650001800586650001700604856007000621000109497CHAP20220329144052.0140507s2013 mx sm |||||||spa d a105959 a106931 cCHAP1 aGómez Ruiz, Rocío Guadalupe10aFloreciendo gota a gota : instituciones en la gestión del agua de manantiales para la producción de flores en la comunidad de Patosil en Zinacantan , Chiapash[En línea]cpor Rocío Guadalupe Gómez Ruiz. aChiapas :bEl autor,c2013. aPara ver el contenido del material haga clic en la liga aTesis (MC. en Desarrollo Rural Regional) -- UACH. Departamento Dirección de Centros Regionales14aAguaxAprovechamientoxChiapas.14aInvernaderos.14aManantiales. aFinding aiduhttp://10.13.5.2/tesis/sist109497.pdfzTeclea aquí